=LDR 00000nam 2200000 4500 =001 INLIS000000000044850 =005 20131008110814 =008 ***********************************ind** =035 ##$$0010-101300000002772 =041 ##$$a ind =082 ##$$a 2x3 =090 ##$$a 2x3bAbd, m =100 ##$$a Abdurrahim, As-Sayyid Abdul Masqhud bin =245 ##$$a Merajut hati, terapi praktis menyeimbangkan nurani menuju Ilahi =260 ##$$a 1994 $b Surabaya =300 ##$$a xii, 75 hlm., 18 cm =850 ##$$a NBPNMAT